000 00644nam a2200229Ia 4500
003 OSt
005 20220918175619.0
006 a|||||r|||| 00| 0
007 ta
008 220917b |||||||| |||| 00| 0 eng d
024 _a18,205
037 _cTextual
040 _aARTS
_cARTS
_beng
041 _2eng
_aeng
082 _aO111,1M65w, L01
100 _aMarcus Phillip L.
_954531
245 0 _aYeats and the beginning of the Irish renaissance
260 _aIthaca
_bCornell Univ Press UK
_c1970
650 _aENGLISH LITERATURE
942 _hO111,1M65w, L01
_cTEXL
_2CC
999 _c158338
_d158338